00730nam a2200169 a 4500003000200000005001700002008004100019050002700060100003000087245015700117260009000274300004000364504004100404650003400445650005500479650002600534020250508104639.0970101s19uu xx 00 eng d aPHS ML 3830b.M86 2004 aMuñoz, Timothy Mark Uy. aThe Effects of band practice on the academic performance of musically inclined students at St. James College System students /cTimothy Mark Uy Muñoz. aLas Piñas City, Philippines :bSouthville International School and Colleges,c2004. a38 pages :billustrations ;c28 cm. aIncludes bibliographical references. aStudentsxEffect of music on. aMusic studentszPhilippinesxAcademic achievement. aAcademic achievement.